| Tag |
First Indicator |
Second Indicator |
Subfields |
| LEADER |
00000cam a2200000Ia 4500 |
| 001 |
in00004354591 |
| 008 |
200311s2020 gw ah bc 001 0 fre d |
| 005 |
20250318223517.6 |
| 020 |
|
|
|a 9783110696714
|
| 020 |
|
|
|a 3110696711
|q paperback
|
| 035 |
|
|
|a (OCoLC)on1143632802
|
| 035 |
|
|
|a (OCoLC)1143632802
|
| 040 |
|
|
|a YDX
|b eng
|c YDX
|d OCLCQ
|d JPG
|d YDXIT
|d UtOrBLW
|
| 041 |
0 |
|
|a fre
|a ger
|
| 050 |
|
4 |
|a NK5101.5.S9
|b R667 2020
|
| 082 |
0 |
4 |
|a 748.5
|2 23
|
| 245 |
0 |
3 |
|a La redécouverte de la couleur /
|c Francine Giese (ed.).
|
| 264 |
|
1 |
|a Berlin :
|b De Gruyter,
|c [2020]
|
| 264 |
|
4 |
|c ©2020
|
| 300 |
|
|
|a 119 pages :
|b illustrations (chiefly color), facsimiles ;
|c 21 cm.
|
| 336 |
|
|
|a text
|b txt
|2 rdacontent
|
| 336 |
|
|
|a still image
|b sti
|2 rdacontent
|
| 337 |
|
|
|a unmediated
|b n
|2 rdamedia
|
| 338 |
|
|
|a volume
|b nc
|2 rdacarrier
|
| 500 |
|
|
|a Catalog of an exhibition held at the Vitromusée Romont, June 21, 2020-February 28, 2021.
|
| 504 |
|
|
|a Includes bibliographical references and index.
|
| 546 |
|
|
|a 4 French, 2 German contributions; introduction in French and German.
|
| 650 |
|
0 |
|a Glass art
|v Exhibitions.
|
| 650 |
|
0 |
|a Color in art
|v Exhibitions.
|0 http://id.loc.gov/authorities/subjects/sh2008101210
|
| 700 |
1 |
|
|a Giese, Francine.
|0 http://id.loc.gov/authorities/names/no2017081783
|
| 710 |
2 |
|
|a Musée suisse du vitrail (Romont, Switzerland)
|0 http://id.loc.gov/authorities/names/n85380076
|
| 852 |
8 |
|
|b pda,print
|z This title is available for the library to purchase for your use. Click the "Purchase It For Me" button to place a request. This item may take 5-10 business days to arrive.
|
| 955 |
|
|
|a Print PDA title
|
| 961 |
|
|
|m 565730
|
| 999 |
f |
f |
|s df250bfb-3ad8-4357-b70b-2f0023af9410
|i 697f5c2a-2021-3eec-9fb5-ab0f6afc6313
|t 0
|
| 952 |
f |
f |
|a Texas A&M University
|b College Station
|c Sterling C. Evans Library
|d Purchase on Demand
|t 0
|e NK5101.5.S9 R667 2020
|h Library of Congress classification
|
| 998 |
f |
f |
|a NK5101.5.S9 R667 2020
|t 0
|l Purchase on Demand
|